[Event "Belgrade Radnicki IM 05"]
[Site "Belgrade"]
[Date "2025.05.25"]
[Round "9"]
[White "Shogdzhiev, Roman Sav"]
[Black "Pavan Karthikeya, Varma Guntur"]
[Result "1/2-1/2"]
[WhiteElo "2329"]
[BlackElo "2173"]
[PlyCount "58"]
[EventDate "2025.05.17"]
[EventType "tourn"]
[EventRounds "9"]
[EventCountry "SRB"]
[EventCategory "1"]
[SourceTitle "CB22_2025"]
[SourceDate "2025.05.28"]
[SourceVersion "1"]
[SourceVersionDate "2025.05.28"]
[SourceQuality "1"]

1. e4 c6 2. d4 d5 3. e5 Bf5 4. Nf3 e6 5. Be2 Ne7 6. c3 Nd7 7. 0-0 Ng6 8. Bd3 Bxd3 9. Qxd3 Be7 10. Qe2 0-0 11. Ne1 c5 12. f4 cxd4 13. cxd4 Qb6 14. Be3 f5 15. Nd3 Qa6 16. Nd2 Rac8 17. Nf3 Rc7 18. Rfc1 Rfc8 19. Rxc7 Rxc7 20. Rc1 Rxc1+ 21. Nxc1 Qxe2 22. Nxe2 Nb8 23. g3 Nc6 24. Bd2 Nf8 25. Nc1 Nd7 26. Nd3 Kf7 27. Kf2 a6 28. h3 Nb6 29. b3 a5 1/2-1/2

[Event "Belgrade Radnicki IM 05"]
[Site "Belgrade"]
[Date "2025.05.24"]
[Round "8"]
[White "Pavan Karthikeya, Varma Guntur"]
[Black "Md, Imran"]
[Result "0-1"]
[WhiteElo "2173"]
[BlackElo "2472"]
[PlyCount "55"]
[EventDate "2025.05.17"]
[EventType "tourn"]
[EventRounds "9"]
[EventCountry "SRB"]
[EventCategory "1"]
[SourceTitle "CB22_2025"]
[SourceDate "2025.05.28"]
[SourceVersion "1"]
[SourceVersionDate "2025.05.28"]
[SourceQuality "1"]

1. d4 Nf6 2. Nf3 b6 3. Bg5 e6 4. Nbd2 Bb7 5. e3 c5 6. c3 h6 7. Bh4 Be7 8. Bd3 g5 9. Bg3 g4 10. Ne5 h5 11. e4 d6 12. Nec4 cxd4 13. cxd4 d5 14. exd5 Qxd5 15. Qe2 Nc6 16. Be5 Rd8 17. Be4 Nxe4 18. Bxh8 Nxd2 19. Nxd2 f6 20. Qc4 Nxd4 21. Qxd5 Bxd5 22. 0-0 Kf7 23. Bxf6 Bxf6 24. f3 gxf3 25. gxf3 Rg8+ 26. Kh1 Bg5 27. Ne4 Bf4 28. Rfe1 0-1

[Event "Belgrade Radnicki IM 05"]
[Site "Belgrade"]
[Date "2025.05.23"]
[Round "7"]
[White "Petrovic, Aleksa"]
[Black "Pavan Karthikeya, Varma Guntur"]
[Result "1-0"]
[WhiteElo "2265"]
[BlackElo "2173"]
[PlyCount "97"]
[EventDate "2025.05.17"]
[EventType "tourn"]
[EventRounds "9"]
[EventCountry "SRB"]
[EventCategory "1"]
[SourceTitle "CB22_2025"]
[SourceDate "2025.05.28"]
[SourceVersion "1"]
[SourceVersionDate "2025.05.28"]
[SourceQuality "1"]

1. d4 Nf6 2. c4 e6 3. Nf3 b6 4. g3 Bb7 5. Bg2 Be7 6. 0-0 0-0 7. Re1 d5 8. cxd5 exd5 9. Nc3 Nbd7 10. b3 Re8 11. Bb2 Ne4 12. Rc1 a6 13. e3 Bb4 14. Re2 Rc8 15. Rec2 Nxc3 16. Bxc3 Ba3 17. Bb2 Bd6 18. Bh3 Qe7 19. Nh4 g6 20. Nf3 Rcd8 21. Rxc7 Bxc7 22. Rxc7 Bc8 23. Ne5 f6 24. Nc6 Qd6 25. Qc2 Nc5 26. Rxc8 Rxc8 27. Bxc8 Rxc8 28. Nb4 a5 29. Nd3 Qc6 30. dxc5 bxc5 31. Qc3 c4 32. Nf4 cxb3 33. Qxb3 Rd8 34. a4 Qd6 35. Bc3 Qc6 36. Bxa5 Rd7 37. e4 Qc1+ 38. Kg2 Qc4 39. Qxc4 dxc4 40. Bc3 Rb7 41. Nd5 f5 42. e5 Kf7 43. a5 Rb3 44. Bb4 c3 45. Bxc3 Ke6 46. Nf4+ Ke7 47. a6 Rb8 48. a7 Ra8 49. Nd5+ 1-0

[Event "Budapest Vezerkepzo Easter IM"]
[Site "Budapest"]
[Date "2025.04.18"]
[Round "7"]
[White "Kormos, Adam"]
[Black "Pavan Karthikeya, Varma Guntur"]
[Result "1-0"]
[WhiteElo "2135"]
[BlackElo "2208"]
[PlyCount "85"]
[EventDate "2025.04.14"]
[EventType "tourn"]
[EventRounds "9"]
[EventCountry "HUN"]
[SourceTitle "CB17_2025"]
[SourceDate "2025.04.23"]
[SourceVersion "1"]
[SourceVersionDate "2025.04.23"]
[SourceQuality "1"]

1. e4 c5 2. Nf3 e6 3. g3 d5 4. exd5 exd5 5. d4 Nf6 6. Bg2 Be7 7. dxc5 Bxc5 8. 0-0 0-0 9. Bg5 d4 10. Ne5 h6 11. Nd3 Bb6 12. Bxf6 Qxf6 13. Nd2 Nc6 14. Ne4 Qd8 15. Qh5 f5 16. Nd2 Be6 17. Nf4 Qd7 18. Nxe6 Qxe6 19. Rfe1 Qf6 20. Bd5+ Kh7 21. Re6 g6 22. Rxf6 gxh5 23. Re6 Rae8 24. Rae1 Rxe6 25. Rxe6 Rd8 26. Bc4 Nb4 27. Re7+ Kh8 28. Nf3 Rf8 29. Ne5 Rf6 30. Rxb7 Nxc2 31. Nf7+ Kg7 32. Ng5+ Kg6 33. Nf3 Rf8 34. Ne5+ Kf6 35. Nd7+ Ke7 36. Nxb6+ Kd6 37. Rxa7 Rb8 38. Na4 Rb4 39. b3 Ne1 40. Ra6+ Kc7 41. Nb2 Nf3+ 42. Kg2 Ne5 43. Rxh6 1-0

[Event "Budapest Vezerkepzo Easter IM"]
[Site "Budapest"]
[Date "2025.04.18"]
[Round "6"]
[White "Pavan Karthikeya, Varma Guntur"]
[Black "Neverov, Valeriy"]
[Result "1/2-1/2"]
[WhiteElo "2208"]
[BlackElo "2426"]
[PlyCount "99"]
[EventDate "2025.04.14"]
[EventType "tourn"]
[EventRounds "9"]
[EventCountry "HUN"]
[SourceTitle "CB17_2025"]
[SourceDate "2025.04.23"]
[SourceVersion "1"]
[SourceVersionDate "2025.04.23"]
[SourceQuality "1"]

1. e4 c5 2. Nf3 d6 3. Bb5+ Nd7 4. Ba4 Ngf6 5. 0-0 a6 6. c4 g6 7. d3 Bg7 8. Nc3 0-0 9. Bxd7 Bxd7 10. a4 Bc6 11. Bd2 e6 12. Re1 Ng4 13. h3 Ne5 14. Nxe5 dxe5 15. Be3 Qe7 16. Qb3 Rfd8 17. Red1 a5 18. Qc2 b6 19. b3 Rd7 20. Qe2 Rad8 21. Rd2 f5 22. f3 f4 23. Bf2 h5 24. Rad1 Bf6 25. Qe1 Kh7 26. h4 Rg8 27. Kf1 g5 28. hxg5 Rxg5 29. Bh4 Rg6 30. Bxf6 Qxf6 31. Rf2 Rdg7 32. Ke2 Rxg2 33. Qh1 Rxf2+ 34. Kxf2 Be8 35. Rg1 Bg6 36. Qg2 Qd8 37. Ke2 Qd4 38. Kd2 Rg8 39. Qf1 Kh6 40. Rg2 Qe3+ 41. Kc2 Bf7 42. Rxg8 Bxg8 43. Qg2 Bf7 44. Ne2 Bg6 45. Ng1 Qe1 46. Nh3 Kg7 47. Qg5 Qe2+ 48. Kc3 Qe1+ 49. Kc2 Qe2+ 50. Kc3 1/2-1/2

[Event "Budapest FS04 IM"]
[Site "Budapest"]
[Date "2025.04.11"]
[Round "8"]
[White "Pavan Karthikeya, Varma Guntur"]
[Black "Heydarli, Kanan Beyukkishi Og"]
[Result "1/2-1/2"]
[WhiteElo "2208"]
[BlackElo "2231"]
[PlyCount "97"]
[EventDate "2025.04.05"]
[EventType "tourn"]
[EventRounds "9"]
[EventCountry "HUN"]
[SourceTitle "CB16_2025"]
[SourceDate "2025.04.16"]
[SourceVersion "1"]
[SourceVersionDate "2025.04.16"]
[SourceQuality "1"]

1. e4 c5 2. Nf3 e6 3. d4 cxd4 4. Nxd4 a6 5. Bd3 Nf6 6. 0-0 Qc7 7. Qe2 d6 8. c4 Nbd7 9. Nc3 Be7 10. f4 b6 11. f5 Ne5 12. fxe6 fxe6 13. h3 Bd7 14. Be3 Rc8 15. b3 b5 16. Rac1 Nxd3 17. Qxd3 bxc4 18. bxc4 0-0 19. Nce2 Qb7 20. Ng3 Rc7 21. Bg5 Rc5 22. Be3 Rfc8 23. Nf3 Ra5 24. Rb1 Qc6 25. c5 Rxc5 26. Bxc5 Qxc5+ 27. Qd4 d5 28. e5 Ne4 29. Qxc5 Bxc5+ 30. Kh2 Nc3 31. Rb2 Bb5 32. Re1 d4 33. Ne4 Nxe4 34. Rxe4 d3 35. Nd4 Bc4 36. Nb3 Ba3 37. Rd2 Bb4 38. Rd1 Bc3 39. Nc1 Bd5 40. Re3 Bd4 41. Rexd3 Bxe5+ 42. Kg1 Bf4 43. Ne2 Be5 44. a3 Rc2 45. R3d2 Rc4 46. Rd3 Rc2 47. R3d2 Rc4 48. Rd3 Rc2 49. R3d2 1/2-1/2

[Event "Budapest FS04 IM"]
[Site "Budapest"]
[Date "2025.04.10"]
[Round "7"]
[White "Sai Agni, Jeevitesh J"]
[Black "Pavan Karthikeya, Varma Guntur"]
[Result "1-0"]
[WhiteElo "2309"]
[BlackElo "2208"]
[PlyCount "131"]
[EventDate "2025.04.05"]
[EventType "tourn"]
[EventRounds "9"]
[EventCountry "HUN"]
[SourceTitle "CB16_2025"]
[SourceDate "2025.04.16"]
[SourceVersion "1"]
[SourceVersionDate "2025.04.16"]
[SourceQuality "1"]

1. d4 Nf6 2. c4 e6 3. g3 d5 4. Bg2 dxc4 5. Nf3 c5 6. 0-0 Nc6 7. Ne5 Bd7 8. Nxc4 cxd4 9. Bf4 Be7 10. Nd6+ Kf8 11. Nxb7 Qb6 12. Nd6 Qc5 13. b4 Qxb4 14. a3 Qc5 15. Qb3 Qh5 16. Nc4 g5 17. Bc7 Kg7 18. Nbd2 Rac8 19. Bd6 Na5 20. Qd3 Nxc4 21. Bxe7 Nxd2 22. Qxd4 Qg6 23. Qxd2 Bc6 24. Bxc6 Rxc6 25. Rac1 Rxc1 26. Rxc1 Re8 27. Bc5 a6 28. Qa5 Rc8 29. Qxa6 Rb8 30. Bd4 Qe4 31. Qc4 e5 32. Be3 Qxc4 33. Rxc4 h6 34. a4 Nd5 35. Bc5 Rc8 36. a5 Kg8 37. a6 Nb6 38. Rb4 Rxc5 39. Rxb6 Kg7 40. a7 Ra5 41. Rb7 Ra1+ 42. Kg2 e4 43. f4 gxf4 44. gxf4 Kg6 45. Kg3 Ra3+ 46. Kg4 h5+ 47. Kh4 f6 48. Rc7 Ra2 49. h3 Ra3 50. e3 Ra5 51. f5+ Kh6 52. Kg3 Kg5 53. h4+ Kh6 54. Rf7 Rxa7 55. Rxf6+ Kg7 56. Rg6+ Kf7 57. Kf4 Ra1 58. Rh6 Rf1+ 59. Ke5 Rf3 60. Kxe4 Rh3 61. Rxh5 Rh1 62. Ke5 Ra1 63. Rh7+ Kf8 64. Rb7 Ra5+ 65. Kf6 Ra3 66. Rb8# 1-0

[Event "Budapest FS04 IM"]
[Site "Budapest"]
[Date "2025.04.09"]
[Round "5"]
[White "Pavan Karthikeya, Varma Guntur"]
[Black "Lau, Lut Yin Luke"]
[Result "1/2-1/2"]
[WhiteElo "2208"]
[BlackElo "2239"]
[PlyCount "60"]
[EventDate "2025.04.05"]
[EventType "tourn"]
[EventRounds "9"]
[EventCountry "HUN"]
[SourceTitle "CB16_2025"]
[SourceDate "2025.04.16"]
[SourceVersion "1"]
[SourceVersionDate "2025.04.16"]
[SourceQuality "1"]

1. e4 e5 2. Nf3 Nc6 3. Bb5 a6 4. Ba4 Nf6 5. 0-0 b5 6. Bb3 Bc5 7. c3 d6 8. d4 Bb6 9. h3 0-0 10. Be3 exd4 11. cxd4 Nxe4 12. Bd5 Qe8 13. Qc2 Nb4 14. Qxe4 Qxe4 15. Bxe4 d5 16. Bd2 dxe4 17. Bxb4 exf3 18. Bxf8 fxg2 19. Kxg2 Kxf8 20. Rd1 Bb7+ 21. f3 Re8 22. Nc3 Re6 23. d5 Rg6+ 24. Kh2 Be3 25. Ne2 Rf6 26. Kg2 Rg6+ 27. Kh2 Rf6 28. Kg2 Rg6+ 29. Kh2 Rf6 30. Kg2 Rg6+ 1/2-1/2

[Event "Budapest FS04 IM"]
[Site "Budapest"]
[Date "2025.04.07"]
[Round "3"]
[White "Pavan Karthikeya, Varma Guntur"]
[Black "Papp, Levente"]
[Result "0-1"]
[WhiteElo "2208"]
[BlackElo "2376"]
[PlyCount "88"]
[EventDate "2025.04.05"]
[EventType "tourn"]
[EventRounds "9"]
[EventCountry "HUN"]
[SourceTitle "CB16_2025"]
[SourceDate "2025.04.16"]
[SourceVersion "1"]
[SourceVersionDate "2025.04.16"]
[SourceQuality "1"]

1. e4 e6 2. d4 d5 3. Nc3 Bb4 4. exd5 exd5 5. Bd3 Nf6 6. Nge2 0-0 7. 0-0 c6 8. h3 Re8 9. Bg5 h6 10. Bh4 Nbd7 11. a3 Bf8 12. Bg3 Ne4 13. Nxe4 dxe4 14. Bc4 Nb6 15. Bb3 Be6 16. Bxe6 Rxe6 17. b3 a5 18. a4 Nd5 19. c4 Nb4 20. Qc2 Qe8 21. Nc3 f5 22. d5 e3 23. fxe3 Rxe3 24. Rae1 Rxg3 25. Rxe8 Rxe8 26. Rf3 Bc5+ 27. Kh1 Rxf3 28. gxf3 Be3 29. Qe2 Kf8 30. d6 Bb6 31. Qd2 Be3 32. Qe2 Bg5 33. Qd1 Re3 34. d7 Nd3 35. Kg2 Ke7 36. Ne2 Kd8 37. Nd4 Nf4+ 38. Kf1 Re5 39. Qb1 g6 40. b4 Bh4 41. Nc2 Re2 42. Qb2 Rf2+ 43. Kg1 Ne2+ 44. Kh1 Rf1+ 0-1

[Event "Budapest SixDays 03 IM-B"]
[Site "Budapest"]
[Date "2025.03.28"]
[Round "8"]
[White "Banerjee, Supratit"]
[Black "Pavan Karthikeya, Varma Guntur"]
[Result "1/2-1/2"]
[WhiteElo "2250"]
[BlackElo "2015"]
[PlyCount "39"]
[EventDate "2025.03.24"]
[EventType "tourn"]
[EventRounds "9"]
[EventCountry "HUN"]
[SourceTitle "CB14_2025"]
[SourceDate "2024.11.01"]
[SourceVersion "1"]
[SourceVersionDate "2024.11.01"]
[SourceQuality "1"]

1. e4 c5 2. Nf3 e6 3. d4 cxd4 4. Nxd4 Nc6 5. Nc3 Qc7 6. Ncb5 Qb8 7. Bd3 a6 8. Nxc6 bxc6 9. Nd4 Nf6 10. 0-0 Bb7 11. Re1 c5 12. Nf3 c4 13. Bxc4 Bxe4 14. Nd2 Bb7 15. b3 Bc5 16. Nf1 Qc7 17. Be3 Qc6 18. f3 d5 19. Bd3 0-0 20. Qd2 1/2-1/2

[Event "Budapest SixDays 03 IM-B"]
[Site "Budapest"]
[Date "2025.03.26"]
[Round "4"]
[White "Chakrabarty, Reyaansh"]
[Black "Pavan Karthikeya, Varma Guntur"]
[Result "1/2-1/2"]
[WhiteElo "2181"]
[BlackElo "2015"]
[PlyCount "104"]
[EventDate "2025.03.24"]
[EventType "tourn"]
[EventRounds "9"]
[EventCountry "HUN"]
[SourceTitle "CB14_2025"]
[SourceDate "2024.11.01"]
[SourceVersion "1"]
[SourceVersionDate "2024.11.01"]
[SourceQuality "1"]

1. e4 c5 2. Nf3 e6 3. b3 a6 4. Bb2 b5 5. d4 cxd4 6. Nxd4 Bb7 7. Bd3 d6 8. 0-0 Nf6 9. Qe2 Nbd7 10. Nd2 e5 11. Nf5 g6 12. Ne3 Bg7 13. a4 bxa4 14. Nec4 Nc5 15. Ba3 Rc8 16. Bxc5 Rxc5 17. b4 Rc7 18. Na5 d5 19. Nxb7 Rxb7 20. Rxa4 0-0 21. Bxa6 Rc7 22. Qd3 dxe4 23. Nxe4 Nxe4 24. Qxe4 Rc3 25. Bc4 Kh8 26. Ra7 f5 27. Qb7 Qf6 28. Bb3 e4 29. Qe7 Qxe7 30. Rxe7 Rd8 31. b5 Bd4 32. h3 Bc5 33. Re6 Bd4 34. Kh1 Rcc8 35. c4 Bc5 36. Rc6 Rxc6 37. bxc6 Rc8 38. Ba4 f4 39. g3 fxg3 40. fxg3 e3 41. Kg2 Bb4 42. Kf3 Rf8+ 43. Ke2 Rxf1 44. Kxf1 Bd6 45. g4 Kg7 46. g5 h6 47. h4 hxg5 48. hxg5 Kf7 49. Ke2 Bf4 50. Kf3 e2 51. Kxe2 Ke6 52. Kf3 Kf5 1/2-1/2

[Event "Belgrade Radnicki IM 03"]
[Site "Belgrade"]
[Date "2025.03.07"]
[Round "5"]
[White "Pavan Karthikeya, Varma Guntur"]
[Black "Petrovic, Aleksa"]
[Result "1/2-1/2"]
[WhiteElo "2015"]
[BlackElo "2294"]
[PlyCount "88"]
[EventDate "2025.03.03"]
[EventType "tourn"]
[EventRounds "9"]
[EventCountry "SRB"]
[EventCategory "1"]
[SourceTitle "CB11_2025"]
[SourceDate "2025.03.12"]
[SourceVersion "1"]
[SourceVersionDate "2025.03.12"]
[SourceQuality "1"]

1. e4 e5 2. Nf3 Nc6 3. Bb5 a6 4. Ba4 Nf6 5. 0-0 Be7 6. Re1 b5 7. Bb3 d6 8. c3 0-0 9. h3 Na5 10. Bc2 c5 11. d4 Qc7 12. d5 Bd7 13. b3 Ne8 14. Nbd2 g6 15. Nf1 Ng7 16. Bh6 Nb7 17. Qd2 f6 18. g4 Nd8 19. Ng3 Nf7 20. Be3 Kh8 21. Kh2 Rg8 22. Rg1 Raf8 23. Raf1 Qc8 24. Ne1 f5 25. exf5 gxf5 26. f4 exf4 27. Bxf4 Bf6 28. gxf5 Nxf5 29. Ne4 Rxg1 30. Rxg1 Bg7 31. Qe2 Qe8 32. Qh5 Ne5 33. Qxe8 Rxe8 34. Kh1 Ng6 35. Nxd6 Nxd6 36. Bxd6 Bxc3 37. Nf3 Re2 38. Bxg6 hxg6 39. Bxc5 Bf5 40. Rg2 Be4 41. Rxe2 Bxf3+ 42. Rg2 Bxd5 43. Kg1 Bxg2 44. Kxg2 Kg7 1/2-1/2

[Event "Budapest Szekely Memorial"]
[Site "Budapest"]
[Date "2024.12.03"]
[Round "5"]
[White "Meskenas, Paulius"]
[Black "Pavan Karthikeya, Varma Guntur"]
[Result "1-0"]
[WhiteElo "2264"]
[BlackElo "2111"]
[PlyCount "117"]
[EventDate "2024.11.29"]
[EventType "tourn"]
[EventRounds "9"]
[EventCountry "HUN"]
[SourceTitle "CB50_2024"]
[SourceDate "2024.11.01"]
[SourceVersion "1"]
[SourceVersionDate "2024.11.01"]
[SourceQuality "2"]

1. e4 e5 2. Nf3 Nc6 3. c3 d5 4. Qa4 dxe4 5. Nxe5 Qd5 6. Nxc6 bxc6 7. Bc4 Qd7 8. 0-0 Nf6 9. d3 exd3 10. Rd1 Bd6 11. Bg5 Nd5 12. Re1+ Kf8 13. Bxd3 f6 14. Bh4 Rb8 15. Qc2 Nf4 16. Be4 Rb5 17. Bg3 g6 18. a4 Rb8 19. Nd2 Ba6 20. Nf3 Kg7 21. Rad1 Nd5 22. Bxd6 cxd6 23. Bxd5 cxd5 24. Rxd5 Rhe8 25. Qd1 Rxe1+ 26. Nxe1 Rxb2 27. Rxd6 Qf5 28. Rd7+ Kg8 29. f3 Rb1 30. Rd8+ Kf7 31. Qd2 Qe6 32. Kf2 Qb6+ 33. Qd4 Rb2+ 34. Kg3 Qxd4 35. Rxd4 Ke6 36. Rd8 Ra2 37. Ra8 Bc4 38. Rxa7 Re2 39. Rc7 Kd5 40. Rd7+ Kc5 41. Nd3+ Kc6 42. Rd4 Bxd3 43. Rxd3 Ra2 44. Rd4 Ra3 45. Rf4 f5 46. Rh4 h5 47. Kf4 Rxa4+ 48. Kg5 Ra2 49. g3 Rf2 50. f4 Rf3 51. Kxg6 Rxc3 52. Rxh5 Rc2 53. Kxf5 Kd6 54. Rh7 Rc5+ 55. Kf6 Rd5 56. f5 Rd4 57. Kg5 Re4 58. h4 Re5 59. g4 1-0

[Event "Budapest SixDays 11 IM-C"]
[Site "Budapest"]
[Date "2024.11.26"]
[Round "8"]
[White "Pavan Karthikeya, Varma Guntur"]
[Black "Felmery, Mate"]
[Result "1/2-1/2"]
[WhiteElo "2111"]
[BlackElo "2217"]
[PlyCount "46"]
[EventDate "2024.11.22"]
[EventType "tourn"]
[EventRounds "9"]
[EventCountry "HUN"]
[SourceTitle "CB49_2024"]
[SourceDate "2024.12.04"]
[SourceVersion "1"]
[SourceVersionDate "2024.12.04"]
[SourceQuality "1"]

1. e4 c5 2. Nf3 d6 3. d4 cxd4 4. Qxd4 a6 5. c4 Nc6 6. Qe3 Bg4 7. Be2 Nf6 8. 0-0 e6 9. Nc3 Be7 10. b3 0-0 11. Bb2 Qa5 12. Rfd1 Rfd8 13. a3 Bxf3 14. Bxf3 Ne5 15. Be2 Rac8 16. Rac1 Bf8 17. b4 Qc7 18. Na4 Qc6 19. Nb6 Neg4 20. Bxg4 Nxg4 21. Qg3 Qxb6 22. Qxg4 e5 23. Rd5 Rc6 1/2-1/2

[Event "Budapest Vezerkepzo All Saints"]
[Site "Budapest"]
[Date "2024.11.20"]
[Round "8"]
[White "Pavan Karthikeya, Varma Guntur"]
[Black "Wang, Hao3"]
[Result "1-0"]
[WhiteElo "2111"]
[BlackElo "2095"]
[PlyCount "115"]
[EventDate "2024.11.13"]
[EventType "tourn"]
[EventRounds "9"]
[EventCountry "HUN"]
[SourceTitle "CB48_2024"]
[SourceDate "2024.11.28"]
[SourceVersion "1"]
[SourceVersionDate "2024.11.28"]
[SourceQuality "1"]

1. e4 c5 2. Nf3 d6 3. d4 cxd4 4. Nxd4 Nf6 5. Nc3 a6 6. Bg5 e6 7. f4 Nbd7 8. Qe2 Qc7 9. 0-0-0 b5 10. a3 Rb8 11. Nb3 Be7 12. g4 0-0 13. Bg2 b4 14. axb4 Rxb4 15. Rd4 Rxd4 16. Nxd4 Bb7 17. Rd1 Rc8 18. Bxf6 Bxf6 19. g5 Be7 20. h4 Nb6 21. f5 e5 22. Nb3 f6 23. g6 h6 24. Bf1 Bc6 25. Rd2 Ra8 26. Na5 Bd7 27. Qd3 Bb5 28. Nxb5 axb5 29. Qxb5 Qc5 30. Nb3 Kf8 31. Kb1 Qe3 32. Qe2 Qf4 33. Qf2 Qxf2 34. Rxf2 Bd8 35. Rd2 Ke7 36. Bb5 Na4 37. c4 Bb6 38. Bxa4 Rxa4 39. Rc2 Rb4 40. Nc1 Bd4 41. h5 Kd7 42. b3 Kc6 43. Ra2 Be3 44. Ra6+ Kd7 45. Ra3 Bc5 46. Ka2 Rb7 47. Ra4 Kc6 48. Nd3 Ba7 49. b4 Rc7 50. Kb3 Kb7 51. b5 Rd7 52. Nb4 Bc5 53. Nd5 Kb8 54. Ra6 Kb7 55. Ka4 Bf2 56. Kb3 Bc5 57. Ra4 Kb8 58. b6 1-0

[Event "Budapest Vezerkepzo All Saints"]
[Site "Budapest"]
[Date "2024.11.19"]
[Round "7"]
[White "Meskenas, Paulius"]
[Black "Pavan Karthikeya, Varma Guntur"]
[Result "1-0"]
[WhiteElo "2264"]
[BlackElo "2111"]
[PlyCount "97"]
[EventDate "2024.11.13"]
[EventType "tourn"]
[EventRounds "9"]
[EventCountry "HUN"]
[SourceTitle "CB48_2024"]
[SourceDate "2024.11.28"]
[SourceVersion "1"]
[SourceVersionDate "2024.11.28"]
[SourceQuality "1"]

1. e4 c5 2. Nf3 e6 3. d4 cxd4 4. Nxd4 Nc6 5. Nc3 Qc7 6. Be2 Nf6 7. 0-0 a6 8. Be3 Bb4 9. f3 0-0 10. Qd2 d5 11. Nxc6 bxc6 12. a3 Bd6 13. h3 Nh5 14. e5 Bxe5 15. f4 Bxc3 16. Qxc3 Ng3 17. Rfe1 Ne4 18. Qd3 a5 19. Bf3 Ba6 20. Qd1 Nd6 21. Bc5 Rfe8 22. Qd4 Nb7 23. Bb6 Qd6 24. b4 axb4 25. axb4 Bb5 26. c3 Qd7 27. g4 Nd6 28. Qf2 Nc4 29. Bd4 f6 30. g5 fxg5 31. Rxa8 Rxa8 32. Bg4 Re8 33. Qe2 Kh8 34. Bxe6 Nd6 35. Qe5 Qe7 36. Bc5 Nc4 37. Qf5 Qf6 38. Qxf6 gxf6 39. Bd4 Ne5 40. Rxe5 h6 41. Re1 Kg7 42. f5 Ra8 43. Bd7 c5 44. Re7+ Kf8 45. Bxc5 Bxd7 46. Rxd7+ Kg8 47. b5 Ra1+ 48. Kf2 Rc1 49. b6 1-0

[Event "Budapest Vezerkepzo All Saints"]
[Site "Budapest"]
[Date "2024.11.18"]
[Round "6"]
[White "Pavan Karthikeya, Varma Guntur"]
[Black "Vandan, Alankar Sawai"]
[Result "0-1"]
[WhiteElo "2111"]
[BlackElo "2167"]
[PlyCount "120"]
[EventDate "2024.11.13"]
[EventType "tourn"]
[EventRounds "9"]
[EventCountry "HUN"]
[SourceTitle "CB48_2024"]
[SourceDate "2024.11.28"]
[SourceVersion "1"]
[SourceVersionDate "2024.11.28"]
[SourceQuality "1"]

1. d4 d5 2. c4 c6 3. Nc3 Nf6 4. cxd5 cxd5 5. Bf4 Nc6 6. e3 a6 7. Rc1 e6 8. Nf3 Be7 9. a3 0-0 10. Bd3 Na5 11. Ne5 b5 12. Qf3 Bd7 13. g4 Nc6 14. Qh3 g6 15. Bh6 Re8 16. Qf3 Rc8 17. h4 Nxe5 18. dxe5 Ne4 19. Bxe4 dxe4 20. Qf4 b4 21. axb4 Bb5 22. Rd1 Qb6 23. Rd4 a5 24. Bg5 axb4 25. Nxe4 Qa5 26. Bxe7 Rxe7 27. f3 Qa1+ 28. Rd1 Rc1 29. Nf6+ Kg7 30. Qd4 Ba4 31. b3 Rxd1+ 32. Qxd1 Qxe5 33. Ne4 Rd7 34. Qb1 Bc6 35. Rh3 f5 36. gxf5 exf5 37. Qc1 Bb5 38. Ng5 h6 39. f4 Qd5 40. Qa1+ Kg8 41. Nf3 Qd3 42. Kf2 Qe2+ 43. Kg3 Bc6 44. Qh1 Rd1 45. Rh2 Rg1+ 46. Nxg1 Qe1+ 47. Kh3 Qxe3+ 48. Nf3 Bxf3 49. Rg2 Bxg2+ 50. Kxg2 Qe4+ 51. Kg1 Qxh1+ 52. Kxh1 g5 53. Kg2 g4 54. Kf2 Kf7 55. Ke3 Ke6 56. Kd4 h5 57. Kd3 Kd5 58. Ke3 g3 59. Kf3 Kd4 60. Kxg3 Kc3 0-1

[Event "Budapest SixDays 09 IM-A"]
[Site "Budapest"]
[Date "2024.09.28"]
[Round "7"]
[White "Bashirov, Kemal"]
[Black "Pavan Karthikeya, Varma Guntur"]
[Result "1-0"]
[WhiteElo "2328"]
[BlackElo "2056"]
[PlyCount "83"]
[EventDate "2024.09.24"]
[EventType "tourn"]
[EventRounds "9"]
[EventCountry "HUN"]
[SourceTitle "EXT 2025"]
[Source "ChessBase"]
[SourceDate "2024.10.14"]
[SourceVersion "1"]
[SourceVersionDate "2024.10.14"]
[SourceQuality "1"]

1. d4 Nf6 2. c4 e6 3. Nc3 Bb4 4. f3 d5 5. a3 Bxc3+ 6. bxc3 0-0 7. cxd5 exd5 8. e3 b6 9. Bd3 Bb7 10. Ne2 Nbd7 11. 0-0 c5 12. Ng3 Re8 13. Re1 Qc7 14. Bb2 a5 15. e4 dxe4 16. fxe4 c4 17. Bc2 Qc6 18. Bc1 Rad8 19. Bg5 h6 20. Bf4 b5 21. Qf3 b4 22. axb4 axb4 23. cxb4 Qb6 24. Be3 Qxb4 25. Bf2 Qd2 26. Re2 Qg5 27. Nf5 Nf8 28. Rb1 Ba8 29. Bh4 Qg6 30. Rbe1 Bc6 31. d5 Bb7 32. e5 Bxd5 33. Qf1 Qh5 34. exf6 Rxe2 35. Qxe2 Qxe2 36. Rxe2 g6 37. Ne7+ Kh7 38. Rd2 c3 39. Rxd5 Rb8 40. Rc5 Ne6 41. Rxc3 Nd4 42. Bd3 1-0

[Event "Budapest SixDays 09 IM-A"]
[Site "Budapest"]
[Date "2024.09.25"]
[Round "3"]
[White "Krishna, C Revanth Gopala"]
[Black "Pavan Karthikeya, Varma Guntur"]
[Result "1-0"]
[WhiteElo "2425"]
[BlackElo "2056"]
[PlyCount "109"]
[EventDate "2024.09.24"]
[EventType "tourn"]
[EventRounds "9"]
[EventCountry "HUN"]
[SourceTitle "EXT 2025"]
[Source "ChessBase"]
[SourceDate "2024.10.14"]
[SourceVersion "1"]
[SourceVersionDate "2024.10.14"]
[SourceQuality "1"]

1. d4 Nf6 2. Nf3 e6 3. e3 b6 4. Bd3 Bb7 5. 0-0 Be7 6. c4 0-0 7. Nc3 d6 8. b3 Nbd7 9. Bb2 Re8 10. h3 Bf8 11. d5 e5 12. Nd2 g6 13. Qc2 Bg7 14. b4 a6 15. Rad1 h6 16. Nb3 Rc8 17. Be2 Qe7 18. a4 c6 19. dxc6 Bxc6 20. Qd2 Bf8 21. a5 Bb7 22. Ba3 Qe6 23. axb6 Nxb6 24. Na5 Ba8 25. Rc1 Red8 26. Rfd1 Qf5 27. Bf1 Qg5 28. Qe2 Qf5 29. Qd3 Ne4 30. Nxe4 Bxe4 31. Qb3 Qe6 32. Rd2 Rd7 33. Rcd1 Rdc7 34. b5 d5 35. cxd5 Bxd5 36. Rxd5 Rc3 37. Qb1 Rxa3 38. Rd8 Rxa5 39. Qb4 Rxd8 40. Rxd8 Nd7 41. Qxa5 axb5 42. Qxb5 Nb6 43. Rb8 Nd7 44. Rb7 Nc5 45. Bc4 Qxc4 46. Qxc4 Nxb7 47. Qd5 Nd6 48. Qxe5 Nf5 49. e4 Ng7 50. f4 Ne6 51. f5 Ng7 52. g4 g5 53. Kf1 Ba3 54. Qb8+ Kh7 55. Qa7 1-0

[Event "Budapest SixDays 09 IM-A"]
[Site "Budapest"]
[Date "2024.09.24"]
[Round "1"]
[White "Wadifa, Ahmed"]
[Black "Pavan Karthikeya, Varma Guntur"]
[Result "1-0"]
[WhiteElo "1988"]
[BlackElo "2056"]
[PlyCount "63"]
[EventDate "2024.09.24"]
[EventType "tourn"]
[EventRounds "9"]
[EventCountry "HUN"]
[SourceTitle "EXT 2025"]
[Source "ChessBase"]
[SourceDate "2024.10.14"]
[SourceVersion "1"]
[SourceVersionDate "2024.10.14"]
[SourceQuality "1"]

1. e4 c5 2. Nf3 e6 3. d4 cxd4 4. Nxd4 Nc6 5. Nc3 Qc7 6. Be2 Nf6 7. 0-0 a6 8. Be3 Be7 9. f4 d6 10. Qe1 0-0 11. Qg3 Bd7 12. Rad1 Kh8 13. Nxc6 Bxc6 14. Bd4 Rg8 15. Bd3 Rad8 16. Kh1 Qa5 17. e5 dxe5 18. Bxe5 h6 19. Rde1 Nd7 20. f5 Nxe5 21. Rxe5 Qb4 22. fxe6 f6 23. Qg6 Rxd3 24. Rh5 Bxg2+ 25. Qxg2 Rd4 26. Nd5 Qd6 27. Rg1 g5 28. Rxh6+ Kg7 29. Nxe7 Qxe7 30. Qh3 Kf8 31. Rh7 Rg7 32. Qh6 1-0